Les poissons de la Loire - Statistiques

Statistiques générales
  • Ce quiz a été pris 29 fois
  • Le résultat moyen est 10 sur 15
Statistiques - réponses
Question Réponse % Correct
Quel est le plus grand poisson de la Loire ? Silure
95%
Quel poisson est classé comme nuisible ? Poisson-chat
90%
Quel est le poisson que l'on pêche souvent à l'aide d'un leurre ? Brochet
85%
Quel poisson peut-on attraper le plus souvent à l'aide de maïs ? Brème
80%
Lequel de ces poisson ne possède pas de moustaches ? Brochet
80%
Quel poisson ne possède pas d'écailles ? Carpes cuir
80%
Lequel de ces poissons n'est pas une proie du brochet ? Maquereau
75%
Quel poisson est le plus souvent pêché à l'aide de bouillette ? Amour-Blanc
70%
Trouve le carnassier Aspe
70%
Quel poisson est souvent consommé en friture ? Goujeon
70%
Trouve le seul poisson qui n'est pas un cyprinidés Sandre
70%
Quel poisson chasse dans les zones de courant ? Aspe
55%
Quel poisson est généralement le plus grand à taille adulte ? Perche
45%
Trouve le poisson migrateur Anguille
40%
Quel Poisson ne nage pas dans la Loire ? Vieille
35%
Aucun quiz correspondant
Distribution des résultats
% des personnes avec chaque résultat
Percentile par nombre de réponses
Votre historique - résultats
Vous n’avez pas pris ce quiz